| 000 | 00000nam 2200000zi 4500 |
| 001 | 9.916836 |
| 003 | CaOODSP |
| 005 | 20230411140930 |
| 006 | m o d f |
| 007 | cr cn||||||||| |
| 008 | 221101t20232023onca o f000 0 fre d |
| 020 | |a9780660460864 |
| 040 | |aCaOODSP|bfre|erda|cCaOODSP |
| 043 | |an-cn--- |
| 086 | 1 |aHP40-38/2023F-PDF |
| 245 | 00|aGuide sur la vaccination à l'intention des parents. |
| 264 | 1|aOttawa (Ontario) : |bAgence de la santé publique du Canada = Public Health Agency of Canada, |c2023. |
| 264 | 4|c©2023 |
| 300 | |a1 ressource en ligne (25 pages) : |billustrations |
| 336 | |atexte|btxt|2rdacontent/fre |
| 337 | |ainformatique|bc|2rdamedia/fre |
| 338 | |aressource en ligne|bcr|2rdacarrier/fre |
| 500 | |aPublié aussi en anglais sous le titre : A parent's guide to vaccination. |
| 650 | 6|aEnfants|xVaccination|zCanada. |
| 710 | 2 |aAgence de santé publique du Canada, |eorganisme de publication. |
| 775 | 08|tA parent's guide to vaccination.|w(CaOODSP)9.916832 |
| 775 | 08|tGuide sur la vaccination à l'intention des parents.|w(CaOODSP)9.909972 |
| 775 | 08|tGuide sur la vaccination à l'intention des parents.|w(CaOODSP)9.909974 |
| 775 | 08|tGuide sur la vaccination à l'intention des parents.|w(CaOODSP)9.909975 |
| 775 | 08|tGuide sur la vaccination à l'intention des parents.|w(CaOODSP)9.909977 |
| 775 | 08|tGuide sur la vaccination à l'intention des parents.|w(CaOODSP)9.909978 |
| 775 | 08|tGuide sur la vaccination à l'intention des parents.|w(CaOODSP)9.909980 |
| 775 | 08|tGuide sur la vaccination à l'intention des parents.|w(CaOODSP)9.909981 |
| 775 | 08|tGuide sur la vaccination à l'intention des parents.|w(CaOODSP)9.909982 |
| 775 | 08|tGuide sur la vaccination à l'intention des parents.|w(CaOODSP)9.909983 |
| 775 | 08|tGuide sur la vaccination à l'intention des parents.|w(CaOODSP)9.909984 |
| 775 | 08|tGuide sur la vaccination à l'intention des parents.|w(CaOODSP)9.909985 |
| 775 | 08|tGuide sur la vaccination à l'intention des parents.|w(CaOODSP)9.916839 |
| 775 | 08|t[Guide sur la vaccination à l'intention des parents].|w(CaOODSP)9.916842 |
| 775 | 08|t[Guide sur la vaccination à l'intention des parents].|w(CaOODSP)9.916869 |
| 775 | 08|t[Guide sur la vaccination à l'intention des parents].|w(CaOODSP)9.916871 |
| 776 | 0#|tGuide sur la vaccination à l'intention des parents.|w(CaOODSP)9.916873 |
| 795 | |tGuide sur la vaccination à l'intention des parents.|w(CaOODSP)9.909663 |
| 856 | 40|qPDF|s1.64 Mo|uhttps://publications.gc.ca/collections/collection_2023/aspc-phac/HP40-38-2023-fra.pdf |
| 856 | 4 |qHTML|sS.O.|uhttps://www.canada.ca/fr/sante-publique/services/publications/vie-saine/guide-vaccination-intention-parents.html |